Kỹ thuật hóa học đại cương

محفوظ في:
التفاصيل البيبلوغرافية
المؤلف الرئيسي: Nguyễn, Thị Diệu Vân
التنسيق: كتاب
اللغة:Undetermined
منشور في: Hà Nội Bách Khoa Hà Nội 2007
الموضوعات:
الوسوم: إضافة وسم
لا توجد وسوم, كن أول من يضع وسما على هذه التسجيلة!
Thư viện lưu trữ: Trung tâm Học liệu Trường Đại học Cần Thơ
LEADER 00555nam a2200193Ia 4500
001 CTU_104035
008 210402s9999 xx 000 0 und d
020 |c 39000 
082 |a 661 
082 |b V121 
100 |a Nguyễn, Thị Diệu Vân 
245 0 |a Kỹ thuật hóa học đại cương 
245 0 |c Nguyễn Thị Diệu Vân 
260 |a Hà Nội 
260 |b Bách Khoa Hà Nội 
260 |c 2007 
650 |a Chemical industry 
904 |i Hiếu 
980 |a Trung tâm Học liệu Trường Đại học Cần Thơ